000 00373nam a2200145Ia 4500
008 230917s9999||||xx |||||||||||||| ||und||
040 _e8955
_aMAIN
041 _aEnglish
082 _a327.47 D254S
100 _aDarshan Singh
245 0 _aSoviet foreign policy documents 1985
260 _aNew Delhi
_bSterling Publishers
_c1986
300 _axxxii, 472 p.
942 _cBK
999 _c49904
_d49904